1275 1595 1447 1238 1924 1016 1121 1209 1855 1791 1021 1630 1362 1563 1105 1821 1067 1709 1561 1410 1888 1910 1017 1240 1184 1091 1442 1036 1449 1062 1099 1936 1299 1683 1591 1346 1520 1488 1374 1409 1760 1764 1221 1005 1399 1224 1952 1666 1805 1111 1441 1874 1712 1498 1089 1644 1407 1050 1207 1297 1123 1104 1682 1325 1119 1882 1893 1521 1116 1692 1926 1054 1744 1961 1160 1558 1780 1359 1433 1949 1120 1113 1584 1619 1655 1906 1646 1913 1063 1340 1130 1507 1561 1372 1550 1547 1150 1683 1296 BCNSPRNW ULIB Ver.6.0+V

เปลี่ยนเป็นภาษาไทย

Change to English
 แสดงรายละเอียดบรรณานุกรม
  กลับหน้าหลัก

Brief Record : Get Marc (ISO 2709) : E-mail record : QR code < ปิดหน้าต่าง
LEADER : 00000nam 2200000uu 4500
001    13399126351
003     ULIB
008    180911s||||||||th 000 0 tha d
020    ^a9786160437818
050 ^a ^aLC94.T5 ^bย626ฝ
100 ^a ^aยะมะซะกิ, อะกะชิ
245 ^a ^aฝึกบริหารจัดการตนเอง / ^cAkashi Yamazaki, เขียน ; อังคณา รัตนจันทร์, แปล
250 ^a ^aพิมพ์ครั้งที่ 1
260 ^a ^aกรุงเทพฯ : ^bนานมีบุ๊คส์, ^c2560
300 ^a ^a129 หน้า : ^bภาพประกอบ
440 ^a ^aทักษะการทำงาน ฝึกได้ตั้งแต่วัยเรียน
650 ^a ^aการจัดการบ้าน
650  0 ^a การทำความสะอาดบ้าน
700 ^a อังคณา รัตนจันทร์, ^eผู้แปล
945    ^p245^l0^i004584
945    ^p245^l0^i004585
945    ^p245^l0^i004586
999    ^aประนอม เกษจรัล
รายการนี้ยังไม่มีแท็ก
คุณยังไม่ได้ล็อกอิน คุณสามารถมีกิจกรรมร่วมกับเว็บไซต์ได้ แต่ต้องล็อกอินก่อน ::
  ล็อกอิน

รายการสื่อสารสนเทศ

ลำดับที่ ประเภท เลขเรียก/บาร์โค้ด สถานที่ สถานะ
1. การศึกษาทั่วไป
หนังสือสำรอง
สถานะ=หนังสือสำรอง
LC94.T5 ย626ฝ ฉ.1 
  Barcode: 004584
ห้องสมุดวิทยาเขตสวรรค์ประชารักษ์
►หนังสือทั่วไป
บนชั้น
2. การศึกษาทั่วไป
การศึกษาทั่วไป
LC94.T5 ย626ฝ ฉ.2 
  Barcode: 004585
ห้องสมุดวิทยาเขตสวรรค์ประชารักษ์
►หนังสือทั่วไป
บนชั้น
3. การศึกษาทั่วไป
การศึกษาทั่วไป
LC94.T5 ย626ฝ ฉ.3 
  Barcode: 004586
ห้องสมุดวิทยาเขตสวรรค์ประชารักษ์
►หนังสือทั่วไป
บนชั้น

รายการใกล้เคียง
    ผู้แต่ง [ยะมะซะกิ, อะกะชิ]

    หัวเรื่อง [การจัดการบ้าน]
    หัวเรื่อง [การทำความสะอาดบ้าน]

BibComment


ยังไม่เคยถูกคอมเมนท์

คอมเมนท์ทรัพยากรรายการนี้
  คอมเมนท์: ฝึกบริหารจัดการต..


 Copyright 2026. Bcnsprnw @Library